000
00274nam a22001337a 4500
008
210514b ||||| |||| 00| 0 eng d
041
_a
eng
080
_a
781
082
_a
781
100
_a
45
101
_a
MUZ
245
_a
World of Music
_c
Burdett,S
942
_2
udc
_c
BK
999
_c
57319
_d
57319